Sports Quiz

Random Sports or NBA Quiz

NBA career stat line quiz for KOT4Q Stats

 Plays Quiz not verified by Sporcle

Score 0/25 Timer 10:00
0 Plays Today
Question Answer Wrong Answers
232,680 Youtube Subscribers as of 9/8/17 KOT4Q
62.1%
TDBarrett
1.5%
KrispyFlakes
12.1%
CSB
3%
21.7 PPG 2.5 APG 7.8 RPG 0.8 SPG 0.9 BPG 47.3 FG % 38.1 3P % 87.9 FT % Dirk Nowitzki
57.6%
David Robinson
9.1%
Anthony Davis
9.1%
DeMarcus Cousins
12.1%
24.8 PPG 3.1 APG 6.6 RPG 0.8 SPG 0.5 BPG 45.2 FG % 34.6 3P % 81.3 FT % Carmelo Anthony
54.5%
Christopher Bosh
13.6%
Reggie Miller
6.1%
Gilbert Arenas
4.5%
17.0 PPG 1.8 APG 4.7 RPG 0.9 SPG 0.1 BPG 45.0 FG % 40.1 3P % 89.5 FT % Peja Stojakovic
53%
Klay Thompson
15.2%
Allan Houston
15.2%
Stephon Marbury
9.1%
25.0 PPG 4.7 APG 5.2 RPG 1.4 SPG 0.5 BPG 44.7 FG % 32.9 3P % 83.7 FT % Kobe Bryant
51.5%
LeBron James
10.6%
Allen Iverson
15.2%
Dwyane Wade
19.7%
3.1 PPG 0.8 APG 2.0 RPG 0.3 SPG 0.2 BPG 39.0 FG % 34.4 3P % 78.3 FT % Brian Scalabrine
51.5%
Quincy Acy
12.1%
James Young
9.1%
Tyler Zeller
13.6%
27.1 PPG 7.0 APG 7.3 RPG 1.2 SPG 0.8 BPG 50.1 FG % 34.2 3P % 74.0 FT % LeBron James
50%
Michael Jordan
13.6%
The Snake
21.2%
Larry Bird
3%
24.6 PPG 3.6 APG 11.2 RPG 0.9 SPG 2.6 BPG 55.9 FG % 5.6 3P % 72.1 FT % Kareem Abdul-Jabbar
50%
Dwight Howard
13.6%
Karl Malone
18.2%
DeMarcus Cousins
18.2%
17.5 PPG 1.5 APG 12.7 RPG 1.0 SPG 2.0 BPG 58.5 FG % 8.9 3P % 56.6 FT % Dwight Howard
48.5%
Shaquille O'Neal
7.6%
Yao Ming
15.2%
Rudy Gobert
16.7%
22.1 PPG 5.7 APG 5.0 RPG 1.5 SPG 0.4 BPG 44.2 FG % 36.4 3P % 85.4 FT % James Harden
42.4%
Russell Westbrook
19.7%
Kevin Durant
13.6%
Chris Paul
15.2%
19.7 PPG 3.5 APG 5.6 RPG 1.3 SPG 0.6 BPG 44.5 FG % 36.8 3P % 80.6 FT % Paul Pierce
42.4%
Scottie Pippen
24.2%
Blake Griffin
7.6%
Paul Millsap
7.6%
15.6 PPG 3.1 APG 4.8 RPG 1.5 SPG 0.5 BPG 44.8 FG % 33.7 3P % 82.8 FT % Jimmy Butler
37.9%
Dwyane Wade
6.1%
Devin Booker
18.2%
Andrew Wiggins
24.2%
14.7 PPG 5.5 APG 3.1 RPG 1.2 SPG 0.1 BPG 43.6 FG % 37.9 3P % 80.2 FT % Mike Bibby
34.8%
Derrick Rose
19.7%
J.R. Smith
21.2%
Malcolm Brogdon
10.6%
10.2 PPG 2.2 APG 2.1 RPG 0.9 SPG 0.1 BPG 47.3 FG % 43.2 3P % 84.4 FT % Seth Curry
33.3%
Marcus Smart
6.1%
Courtney Lee
19.7%
Tyreke Evans
19.7%
5.7 PPG 1.3 APG 9.6 RPG 1.3 SPG 2.0 BPG 47.4 FG % 13.7 3P % 41.4 FT % Ben Wallace
33.3%
Manute Bol
19.7%
Dennis Rodman
19.7%
JaVale McGee
10.6%
21.0 PPG 1.9 APG 9.8 RPG 1.0 SPG 2.4 BPG 50.4 FG % 15.2 3P % 74.0 FT % Patrick Ewing
31.8%
Tim Duncan
36.4%
Chris Webber
10.6%
Dirk Nowitzki
15.2%
12.0 PPG 4.5 APG 2.9 RPG 1.2 SPG 0.4 BPG 43.3 FG % 35.0 3P % 80.4 FT % Jeremy Lin
31.8%
Nick Young
15.2%
Jason Terry
12.1%
D'Angelo Russell
27.3%
11.9 PPG 1.8 APG 1.9 RPG 0.5 SPG 0.1 BPG 44.7 FG % 41.5 3P % 88.8 FT % J.J. Redick
31.8%
Kyle Korver
24.2%
Nick Young
10.6%
Steve Kerr
15.2%
24.2 PPG 4.2 APG 8.5 RPG 2.0 SPG 1.7 BPG 51.0 FG % 29.8 3P % 77.7 FT % Julius Erving
30.3%
Scottie Pippen
10.6%
Elgin Baylor
25.8%
Kevin Garnett
12.1%
9.1 PPG 0.7 APG 10.1 RPG 0.6 SPG 1.8 BPG 67.7 FG % 9.1 3P % 43.0 FT % DeAndre Jordan
30.3%
Rudy Gobert
21.2%
Andre Drummond
12.1%
Greg Monroe
15.2%
10.5 PPG 5.9 APG 2.3 RPG 1.2 SPG 0.1 BPG 39.8 FG % 32.7 3P % 81.3 FT % Jason Williams
30.3%
Andre Miller
24.2%
Rajon Rondo
10.6%
Ricky Rubio
21.2%
18.2 PPG 3.3 APG 4.6 RPG 1.1 SPG 0.6 BPG 43.8 FG % 37.4 3P % 79.9 FT % Vince Carter
30.3%
Tracy McGrady
21.2%
Klay Thompson
18.2%
Kemba Walker
19.7%
7.0 PPG 1.3 APG 6.0 RPG 0.7 SPG 0.4 BPG 46.5 FG % 0.0 3P % 74.8 FT % Zaza Pachulia
28.8%
JaVale McGee
25.8%
David Lee
15.2%
Andrew Bogut
18.2%
16.8 PPG 1.8 APG 9.3 RPG 0.7 SPG 0.3 BPG 47.1 FG % 25.4 3P % 76.3 FT % Zach Randolph
28.8%
LaMarcus Aldridge
19.7%
Pau Gasol
16.7%
Kevin McHale
13.6%
20.8 PPG 4.8 APG 6.3 RPG 1.2 SPG 0.3 BPG 43.9 FG % N/A 3P % 81.5 FT % John Havlicek
28.8%
Elgin Baylor
19.7%
Pete Maravich
22.7%
Jerry West
13.6%

You're not logged in!

Compare scores with friends on all Sporcle quizzes.
OR
Log In

Sporcle TV

Today on Sporcle TV


Watch our educational content, quiz creation guides, and fun videos on Sporcle TV.

Show Comments

Extras

Created Sep 8, 2017ReportNominate
Tags:NBA Quiz, career, stat

Top Quizzes Today


Score Distribution

Your Account Isn't Verified!

In order to create a playlist on Sporcle, you need to verify the email address you used during registration. Go to your Sporcle Settings to finish the process.

Report this User

Report this user for behavior that violates our Community Guidelines.

Details: